Globálne trendy vývoja vodného hospodárstva
Stručný obsah tzv. Ministerskej deklarácie, ktorá bola prijatá na záver 3. Svetového fóra o vode, ktoré sa konalo 21. až 23. marca 2003 v japonskom Kjóte, Osake a Šígu.
Guardado en:
| Autor principal: | |
|---|---|
| Formato: | Capítulo de libro |
| Lenguaje: | eslovaco |
| Materias: | |
| Etiquetas: |
Sin Etiquetas, Sea el primero en etiquetar este registro!
|
MARC
| LEADER | 00000naa a2200000 4500 | ||
|---|---|---|---|
| 001 | r049073 | ||
| 005 | 20230925120343.3 | ||
| 041 | 0 | |a slo | |
| 044 | |a SK | ||
| 245 | 1 | 0 | |a Globálne trendy vývoja vodného hospodárstva |c Ján Hríbik |
| 520 | |a Stručný obsah tzv. Ministerskej deklarácie, ktorá bola prijatá na záver 3. Svetového fóra o vode, ktoré sa konalo 21. až 23. marca 2003 v japonskom Kjóte, Osake a Šígu. | ||
| 610 | 2 | 0 | |a voda |
| 610 | 2 | 0 | |a zdroje vodné |
| 610 | 2 | 0 | |a voda pitná |
| 610 | 2 | 0 | |a ochrana vody |
| 100 | 1 | |a Hríbik, Ján | |